Normal view
MARC view
- Prophet's Life
Entry Topical Term
001 - CONTROL NUMBER
- control field: 109280
003 - CONTROL NUMBER IDENTIFIER
- control field: NUST
005 - DATE AND TIME OF LATEST TRANSACTION
- control field: 20230221092157.0
008 - FIXED-LENGTH DATA ELEMENTS
- fixed length control field: 230221|| aca||aabn | a|a d
040 ## - CATALOGING SOURCE
- Original cataloging agency: NUST
- Transcribing agency: NUST
150 ## - HEADING--TOPICAL TERM
- Topical term or geographic name entry element: Prophet's Life
670 ## - SOURCE DATA FOUND
- Source citation: Work cat.: (NUST)185531: Rauf, Abdur 97958, Stories from Prophet's Life
